Эктоны в электрических разрядах; Письма в Журнал экспериментальной и теоретической физики; Т. 57, вып. 1-2

Dades bibliogràfiques
Parent link:Письма в Журнал экспериментальной и теоретической физики: научно-теоретический журнал/ Российская академия наук.— , 1970-
Т. 57, вып. 1-2.— 1993.— С. 88-90
Autor principal: Месяц Г. А. Геннадий Андреевич
Idioma:rus
Publicat: 1993
Matèries:
Format: MixedMaterials Capítol de llibre
KOHA link:https://koha.lib.tpu.ru/cgi-bin/koha/opac-detail.pl?biblionumber=508080

MARC

LEADER 00000naa2a2200000 4500
001 508080
005 20231101103601.0
035 |a (RuTPU)RU\TPU\prd\179837 
035 |a RU\TPU\prd\114693 
090 |a 508080 
100 |a 20130531a1993 k y0rusy50 ca 
101 0 |a rus 
102 |a RU 
200 1 |a Эктоны в электрических разрядах  |f Г. А. Месяц 
320 |a Библиогр.: с. 90 (11 назв.) 
461 0 |0 (RuTPU)RU\TPU\prd\1483  |t Письма в Журнал экспериментальной и теоретической физики  |o научно-теоретический журнал  |f Российская академия наук  |d 1970- 
463 0 |0 (RuTPU)RU\TPU\prd\81051  |t Т. 57, вып. 1-2  |v С. 88-90  |d 1993 
610 1 |a труды учёных ТПУ 
700 1 |a Месяц  |b Г. А.  |c российский физик  |c академик, вице-президент РАН  |c выпускник Томского политехнического института  |f 1936-  |g Геннадий Андреевич  |2 stltpush  |3 (RuTPU)RU\TPU\pers\17099 
801 1 |a RU  |b 63413507  |c 20110627 
801 2 |a RU  |b 63413507  |c 20130531  |g RCR 
942 |c BK